000 00635nam a2200229Ia 4500
003 OSt
005 20230602093435.0
008 210423s2012 xx 000 0 und d
020 _a978-93-80902-90-6
040 _cAL
041 _aeng
082 _a658.3124 RAOS
100 _aRAO (M S)
_9118505
245 _aSoft skills for students: classroom to corporate
260 _aJaipur
_bAadi Publications
_c2012
300 _axx,147
_bHB
365 _b595
_cINR
650 _aManagement
_9118506
650 _aPersonnel Management
_9118507
906 _aclassroom ; corporate ; skils ; Soft ; students: ; thesis
942 _2ddc
_cBK
999 _c176433
_d176433